000 00435nam a2200181Ia 4500
001 17687
005 20260306171535.0
008 260306s9999||||xx |||||||||||||| ||und||
041 _aESP
082 _a658.15
_bE49
100 _aEmery, Douglas R.
_eAUT
245 0 _aAdministración financiera corporativa
260 _c2000
300 _a1080 páginas :
_c25 cm.
650 _aGEN
654 _aCAN
942 _cLIB
_dJUS
_fJUS
_2ddc
_n
999 _c17687
_d17687